| 000 | 00579nam a2200181 i 4500 | ||
|---|---|---|---|
| 001 | 21306 | ||
| 003 | ES-MaACL | ||
| 005 | 20251015063041.0 | ||
| 007 | t| | ||
| 008 | 021122s1856 ag ||||1| spa d | ||
| 100 | 1 |
_aAlberdi, Juan Bautista, _d1810-1884 _919271 |
|
| 245 | 1 | 0 |
_aOrganización política y económica de la Confederación Argentina / _cpor Juan Bautista Alberdi. |
| 250 | _aNueva ed. oficial. | ||
| 260 |
_aBesanzón : _b[s.n., _c1856] ( _fImp. José Jacquin) |
||
| 300 |
_aXVII, 870 p. ; _c21 cm. |
||
| 852 |
_aES-MaACL _jC-3474 |
||
| 999 |
_c21306 _d21306 |
||